| 000 | 00375 a2200169 4500 | ||
|---|---|---|---|
| 001 | 124119 | ||
| 020 | _a9781897457771 | ||
| 040 | _cEscola Canadense de Niteroi | ||
| 090 | _aTeachers | ||
| 100 | _aAndrea Berlin Philp | ||
| 245 | 1 | 0 | _aComplete Science Smart: Grade 5 |
| 260 | _aCanada | ||
| 362 | 0 | _a2015 | |
| 490 | 0 | _aScienceSmart | |
| 650 | 4 | _aScience | |
| 942 | _cBK | ||
| 999 |
_c124119 _d124119 |
||